000 00828nam a2200253Ia 4500
003 OSt
005 20220923212546.0
006 a|||||r|||| 00| 0
007 ta
008 220922b |||||||| |||| 00| 0 hin d
024 _a154,044
037 _cTextual
040 _aARTS
_cARTS
_bhin
041 _2hin
_ahin
082 _aO152v212, L3
100 _aगोपीनाथन, जी0
_9162380
245 0 _aकेरलीयोे की हिन्दी को देन
246 _aKeralīyoe kī hindī ko dena
260 _aदिल्ली
_b राजकमल प्रकाशन
_c1973
300 _a152 पृ.
_ccm.
650 _aहिन्दी साहित्य
_9156264
942 _hO152v212, L3
_cTEXL
_2CC
999 _c309672
_d309672